01142nam a2200289 i 4500001000700000003000700007005001700014008004100031020001800072080002600090080002500116245012200141260004400263300004900307490002200356504003200378599003100410600004200441651004600483700003200529700004100561830003000602852005500632942002300687999001900710952012300729187204SpMaBN20250629063154.0170505s1989 xxkc |||| |deng d a0-85668-443-0 a27(460)"04/14"(082.2) a929 Highfield, Roger00aGod and man in medieval Spain :bessays in honour of J.R.L. Highfield / cedited by Derek W. Lomax & David Mackenzie. aWarminster : bAris & Phillips, c1989. aXXIV, 168 páginas : b1 retrato ; c21 cm.1 aHispanic classics aBibliografía: p. XI-XXIV. aRetrato de Roger Highfield14aHighfield, Roger-vHomenajes.9162552 4aEspaña-xHistoria eclesiástica.983681 aLomax, Derek W.epbl9731721 aMackenzie, Davidd1943-epbl91625531 aHispanic classics9225537 aES-MaACLcDEPO2hDonativo José Prat jL-31548  2udccMONOGRAFIAn0 c187204d187204 00104070aATENEOMbATENEOMcDEPO2d2017-05-05eDONl0oL-31548p1197533r2023-02-23 00:00:00w2023-02-23yMONOGRAFIA